Biggest Cities of the Spanish Empire in 1795 on a Map - Statistics

General Stats
  • This quiz has been taken 507 times
  • The average score is 43 of 100
Answers on the Map
Answers color-coded by a green-red scale on the quiz's map according to % correct below.
 
Answer Stats
Population City % Correct
168,000 Madrid
98%
100,000 Barcelona
96%
134,000 Mexico City
96%
54,000 Lima
95%
30,000 Santiago de Chile
94%
25,000 Santiago de Compostela
94%
16,000 Santiago de Cuba
94%
38,000 Buenos Aires
93%
55,000 Havana
93%
96,000 Seville
93%
18,000 Bogotá
92%
80,000 Valencia
92%
31,000 Caracas
91%
29,000 Quito
90%
77,000 Manila
89%
16,000 | 28,000 Guadalajara
86%
12,000 Santo Domingo
85%
43,000 Zaragoza
85%
40,000 Córdoba
84%
22,000 La Paz
83%
23,000 Granada
80%
29,000 Palma de Mallorca
80%
49,000 Málaga
79%
18,000 Toledo
76%
40,000 Murcia
75%
70,000 Cádiz
72%
16,000 | 25,000 Cartagena
71%
13,000 Chuquisaca
71%
32,000 Cuzco
69%
15,000 La Coruna
69%
11,000 Monterrey
69%
11,000 Guayaquil
68%
14,000 Pamplona
65%
20,000 Valladolid
65%
15,000 León
61%
13,000 Alicante
60%
22,000 Maracaibo
60%
62,000 Puebla
59%
15,000 Santander
54%
14,000 Gerona
53%
16,000 Veracruz
51%
35,000 Jerez de la Frontera
46%
25,000 Oaxaca
45%
27,000 Jaén
44%
28,000 Arequipa
42%
11,000 Lérida
37%
22,000 Cochabamba
35%
15,000 Potosí
35%
13,000 Castellón de la Plana
34%
17,000 Elche
34%
12,000 San Juan
31%
17,000 Concepción
25%
20,000 Querétaro
25%
15,000 Cuenca
24%
15,000 Reus
23%
33,000 Zacatecas
23%
12,000 Durango
22%
20,000 Mahón
22%
12,000 Tarifa
22%
17,000 Puerto Principe
21%
15,000 Ronda
20%
11,000 Barquisimeto
19%
35,000 Guanajuato
18%
22,000 Lorca
17%
17,000 Morelia
16%
16,000 Vélez-Málaga
16%
28,000 Écija
15%
28,000 San Fernando
15%
17,000 El Puerto de Santa María
14%
14,000 Úbeda
14%
13,000 Manresa
13%
12,000 Motril
13%
15,000 Antequera
11%
12,000 Cajamarca
11%
25,000 Huamanga
11%
15,000 Sanlúcar de Barrameda
11%
19,000 Orihuela
10%
16,000 Alcoy
8%
13,000 Don Benito
8%
15,000 Olot
8%
11,000 Utrera
8%
11,000 Villanueva de la Serena
8%
12,000 Carmona
7%
18,000 Lucena
7%
11,000 Requena
7%
12,000 Arcos de la Frontera
6%
12,000 Concordia
6%
12,000 Huancavelica
6%
13,000 Loja
6%
14,000 Osuna
6%
11,000 Martos
5%
12,000 Yecla
5%
12,000 Onteniente
4%
13,000 Montilla
3%
13,000 Montoro
3%
17,000 Priego de Córdoba
3%
15,000 Tineo
3%
11,000 Vélez-Rubio
3%
No matching quizzes found
Score Distribution
Percent of People with Each Score
Percentile by Number Answered
Your Score History
You have not taken this quiz